Mermaids don't run track / (Registro nro. 9390)

Detalles MARC
000 -LEADER
fixed length control field 01059nam a22002657a 4500
001 - CONTROL NUMBER
control field 240035
003 - CONTROL NUMBER IDENTIFIER
control field DO-SdBNP
005 - DATE AND TIME OF LATEST TRANSACTION
control field 20180131124935.0
007 - PHYSICAL DESCRIPTION FIXED FIELD--GENERAL INFORMATION
fixed length control field 240035
008 - FIXED-LENGTH DATA ELEMENTS--GENERAL INFORMATION
fixed length control field 160328b 1997 nyu ||||| |||| 00| 0 spa d
020 ## - INTERNATIONAL STANDARD BOOK NUMBER
International Standard Book Number 0590849069
040 ## - CATALOGING SOURCE
Original cataloging agency BPMSU
Language of cataloging spa
Transcribing agency BPMSU
092 ## - LOCALLY ASSIGNED DEWEY CALL NUMBER (OCLC)
Classification number xxxxx
Item number xxxxx
100 1# - MAIN ENTRY--PERSONAL NAME
Personal name Dadey, Debbie
245 10 - TITLE STATEMENT
Title Mermaids don't run track /
Statement of responsibility, etc. by Debbie Dadey and Marcia Thornton Jones ; illustrated by John Steven Gurney.
260 ## - PUBLICATION, DISTRIBUTION, ETC. (IMPRINT)
Place of publication, distribution, etc. New York :
Name of publisher, distributor, etc. Scholastic,
Date of publication, distribution, etc. 1997.
300 ## - PHYSICAL DESCRIPTION
Extent 72 p. :
Other physical details il. ;
Dimensions 20 cm.
500 ## - GENERAL NOTE
General note A Little Apple paperback.
505 0# - FORMATTED CONTENTS NOTE
Formatted contents note <br/>
Title Throw Your Teacher Overboard --
-- Staying Alive --
-- Crazy Idea --
-- Barrel of Slugs --
-- Dead Ringer --
-- Mermaids Curse --
-- Night Music --
-- Fairy Tale --
-- Howling at the Moon --
-- Fortune-telling --
-- Victory Song --
-- The End of Camp Lone Wolf --
-- Other Fish to Fry.
700 1# - ADDED ENTRY--PERSONAL NAME
Personal name Thornton Jones, Marcia
700 12 - ADDED ENTRY--PERSONAL NAME
Personal name Steven Gurney, John,
Relator term il.
942 ## - ADDED ENTRY ELEMENTS (KOHA)
Source of classification or shelving scheme Dewey Decimal Classification
Koha item type Libros
945 ## - LOCAL PROCESSING INFORMATION (OCLC)
a Inventariado, 2018 /LP
956 ## - LOCAL ELECTRONIC LOCATION AND ACCESS (OCLC)
Access method LOPEREZ
Materials specified 10
Linkage 20160525
Field link and sequence number BPMSU
Host name 00041
Existencias
Withdrawn status Lost status Source of classification or shelving scheme Damaged status Not for loan Collection code Home library Current library Date acquired Source of acquisition Total Checkouts Barcode Date last seen Price effective from Koha item type
    Dewey Decimal Classification     Colección Infantil General Biblioteca Pública Metropolitana Salomé Ureña Biblioteca Pública Metropolitana Salomé Ureña 03/28/2016 FUNDI   BPMSU16030273 03/28/2016 03/28/2016 Libros